[Event "Sant Adria de Besos op 10th"]
[Site "Sant Adria de Besos"]
[Date "2014.06.01"]
[Round "5"]
[White "Palomares Fite, Jordi"]
[Black "Molina Peris, Cristian"]
[Result "1/2-1/2"]
[WhiteElo "1950"]
[BlackElo "1972"]
[PlyCount "52"]
[EventDate "2014.05.04"]
[EventType "swiss"]
[EventRounds "8"]
[EventCountry "ESP"]
[SourceTitle "EXT 2015"]
[Source "ChessBase"]
[SourceDate "2014.11.20"]
[SourceVersion "1"]
[SourceVersionDate "2014.11.20"]
[SourceQuality "1"]

1. e4 c5 2. Nf3 Nc6 3. d3 e6 4. g3 d5 5. Nbd2 Nf6 6. Bg2 Be7 7. 0-0 0-0 8. e5 Nd7 9. Re1 Qc7 10. Qe2 b5 11. Nf1 Bb7 12. Bf4 Rac8 13. h4 d4 14. N1d2 Nb4 15. Rec1 Nd5 16. Bg5 Nxe5 17. Nxe5 f6 18. Ng4 e5 19. Ne4 fxg5 20. Nxg5 Bxg5 21. hxg5 Rce8 22. Re1 Nb4 23. Bxb7 Qxb7 24. a3 Nc6 25. Qe4 Qd7 26. Kg2 Qf5 1/2-1/2

[Event "Sant Adria 7th"]
[Site "Sant Adria de Besos"]
[Date "2011.05.15"]
[Round "3.3"]
[White "Fabregas Fernandez, Bernat"]
[Black "Molina Peris, Cristian"]
[Result "1/2-1/2"]
[WhiteElo "2187"]
[BlackElo "1966"]
[PlyCount "42"]
[EventDate "2011.05.01"]
[EventType "swiss"]
[EventRounds "8"]
[EventCountry "ESP"]
[SourceTitle "EXT 2024"]
[Source "ChessBase"]
[SourceDate "2023.10.10"]
[SourceVersion "1"]
[SourceVersionDate "2023.10.10"]
[SourceQuality "1"]

1. Nf3 Nf6 2. c4 g6 3. Nc3 Bg7 4. e4 d6 5. d4 Nbd7 6. Be2 0-0 7. 0-0 c5 8. d5 Ng4 9. Ne1 Nh6 10. Rb1 f5 11. exf5 Nxf5 12. Nd3 Ne5 13. Nxe5 Bxe5 14. Ne4 Rb8 15. a3 e6 16. Bg5 Qe8 17. b4 exd5 18. Qxd5+ Be6 19. Qd2 cxb4 20. axb4 Qc6 21. Bd3 Bxc4 1/2-1/2

[Event "Llobregat op 3rd"]
[Site "Llobregat"]
[Date "2011.05.07"]
[Round "5"]
[White "Subirachs Mancebo, Guillem"]
[Black "Molina Peris, Cristian"]
[Result "1-0"]
[WhiteElo "2069"]
[BlackElo "1951"]
[PlyCount "109"]
[EventDate "2011.04.02"]
[EventType "swiss"]
[EventRounds "7"]
[EventCountry "ESP"]
[SourceTitle "CBM 142 Extra"]
[Source "ChessBase"]
[SourceDate "2011.06.27"]
[SourceVersion "1"]
[SourceVersionDate "2011.06.27"]
[SourceQuality "1"]

1. e4 c5 2. b3 e6 3. Bb2 d5 4. exd5 exd5 5. Nf3 Nf6 6. d4 Bg4 7. Bb5+ Nc6 8. 0-0 cxd4 9. Re1+ Be7 10. Qe2 Bxf3 11. gxf3 Kd7 12. Bxd4 Re8 13. Qd3 Kc7 14. Nc3 Kc8 15. Rad1 a6 16. Bxf6 axb5 17. Bxe7 Nxe7 18. Qxb5 Ra5 19. Qd3 h6 20. Nb5 Ra6 21. Qc3+ Kd7 22. Qe5 Rg6+ 23. Kh1 Re6 24. Qc3 Qb6 25. Nd4 Rf6 26. Re3 Qd6 27. Qd3 Rf4 28. Qb5+ Kd8 29. Ne2 Rh4 30. Ng3 d4 31. c3 Nc6 32. Rxe8+ Kxe8 33. Rxd4 Rxd4 34. cxd4 Qxd4 35. Qxb7 Qd5 36. Qc8+ Ke7 37. Qf5 Qd1+ 38. Kg2 Nd4 39. Qc5+ Ke8 40. Qc8+ Ke7 41. Qc7+ Ke8 42. Qe5+ Kf8 43. Qb8+ Ke7 44. Nf5+ Nxf5 45. Qe5+ Kf8 46. Qxf5 Qd4 47. a4 Qc3 48. Qd5 g6 49. a5 Qf6 50. b4 h5 51. b5 h4 52. b6 h3+ 53. Kxh3 g5 54. b7 Qf4 55. Qd8+ 1-0

[Event "Llobregat op 3rd"]
[Site "Llobregat"]
[Date "2011.04.02"]
[Round "1"]
[White "Rodriguez Batuecas, Jordi"]
[Black "Molina Peris, Cristian"]
[Result "0-1"]
[WhiteElo "1647"]
[BlackElo "1951"]
[PlyCount "98"]
[EventDate "2011.04.02"]
[EventType "swiss"]
[EventRounds "7"]
[EventCountry "ESP"]
[SourceTitle "CBM 142 Extra"]
[Source "ChessBase"]
[SourceDate "2011.06.27"]
[SourceVersion "1"]
[SourceVersionDate "2011.06.27"]
[SourceQuality "1"]

1. e4 c5 2. Nc3 Nc6 3. g3 e6 4. Bg2 Nf6 5. d3 Be7 6. Nf3 d5 7. exd5 exd5 8. 0-0 0-0 9. a3 Bg4 10. Ne2 Rc8 11. h3 Bf5 12. Bf4 Re8 13. Re1 h6 14. Ne5 Nxe5 15. Bxe5 Nh7 16. b3 Qd7 17. Kh2 f6 18. Bb2 Bg6 19. Nf4 Bf7 20. d4 c4 21. Rc1 c3 22. Ba1 Bxa3 23. Rxe8+ Rxe8 24. Rb1 Bb4 25. Qf3 Ng5 26. Qd3 Ne4 27. Bxe4 dxe4 28. Qe3 Qc6 29. Rd1 Bd5 30. Nxd5 Qxd5 31. Bxc3 Bxc3 32. Qxc3 Qf5 33. Qe3 Qf3 34. Rd2 Kf7 35. c4 Qf5 36. d5 Qg5 37. Qxg5 hxg5 38. g4 Ke7 39. Kg3 Kd6 40. Re2 Kc5 41. f4 b5 42. fxg5 fxg5 43. cxb5 Kxd5 44. Ra2 Re7 45. Ra5 Kd4 46. b6 axb6 47. Rxg5 e3 48. Rg6 e2 49. Rd6+ Ke3 0-1

[Event "Sant Adria 6th"]
[Site "Sant Adria de Besos"]
[Date "2010.05.09"]
[Round "5"]
[White "Molina Peris, Cristian"]
[Black "Rios Berral, Javier"]
[Result "1-0"]
[WhiteElo "1936"]
[BlackElo "1780"]
[PlyCount "79"]
[EventDate "2010.04.11"]
[EventType "swiss"]
[EventRounds "8"]
[EventCountry "ESP"]
[SourceTitle "EXT 2024"]
[Source "ChessBase"]
[SourceDate "2023.10.10"]
[SourceVersion "1"]
[SourceVersionDate "2023.10.10"]
[SourceQuality "1"]

1. e4 c5 2. Nf3 a6 3. d4 cxd4 4. Nxd4 e5 5. Nf3 Nf6 6. Bc4 Nc6 7. Ng5 d5 8. Bxd5 Nxd5 9. exd5 f6 10. dxc6 Qxd1+ 11. Kxd1 fxg5 12. Bxg5 bxc6 13. Re1 Bd6 14. Bf4 0-0 15. Bg3 Bc5 16. f3 Bf5 17. Nd2 Rad8 18. Kc1 Bb4 19. c3 Bd6 20. Nc4 Bc7 21. b3 Rd3 22. Kb2 Re8 23. Rad1 Red8 24. Rxd3 Rxd3 25. Re2 Kf7 26. Bxe5 Bd8 27. Nd6+ Kg6 28. Nxf5 Kxf5 29. Bd4 Rd1 30. Bxg7 Rd7 31. Bd4 Bc7 32. Kc2 h5 33. g3 Bd6 34. Rd2 Re7 35. Kd3 c5 36. Bf2 h4 37. Kc4 hxg3 38. Bxg3 Bxg3 39. hxg3 Re5 40. Rd5 1-0